Digital and analog communication systems / (Record no. 182614)

000 -LEADER
fixed length control field 00979 a2200217 4500
003 - CONTROL NUMBER IDENTIFIER
control field Nust
005 - DATE AND TIME OF LATEST TRANSACTION
control field 20230725111544.0
010 ## - LIBRARY OF CONGRESS CONTROL NUMBER
LC control number 89002509
020 ## - INTERNATIONAL STANDARD BOOK NUMBER
International Standard Book Number 0023253916 :
040 ## - CATALOGING SOURCE
Transcribing agency Nust
082 00 - DEWEY DECIMAL CLASSIFICATION NUMBER
Classification number 621.382,COU
100 1# - MAIN ENTRY--PERSONAL NAME
Personal name Couch, Leon W.
9 (RLIN) 60581
245 10 - TITLE STATEMENT
Title Digital and analog communication systems /
Statement of responsibility, etc. Leon W. Couch II.
250 ## - EDITION STATEMENT
Edition statement 3rd ed.
260 ## - PUBLICATION, DISTRIBUTION, ETC.
Place of publication, distribution, etc. New York :
Name of publisher, distributor, etc. Macmillan ;
Place of publication, distribution, etc. London :
Name of publisher, distributor, etc. Collier Macmillan,
Date of publication, distribution, etc. c1990.
300 ## - PHYSICAL DESCRIPTION
Extent xxix, 766 p. :
Other physical details ill. ;
Dimensions 24 cm.
505 ## - FORMATTED CONTENTS NOTE
Formatted contents note Introduction (Page-1), Signals And Noise (Page-35), Baseband Pulse And Digital Signaling (Page-121), Bandpass Signaling Techniques And Components (Page-227), Bandpass Communication Systems (Page-331), Random Processes And Spectral Analysis (Page-447), Performance Of Communication Systems Corrupted By Noise (Page-521), Optimum Digital Receivers (Page-587).
650 #0 - SUBJECT ADDED ENTRY--TOPICAL TERM
Topical term or geographic name entry element Telecommunication Engineering
650 #0 - SUBJECT ADDED ENTRY--TOPICAL TERM
Topical term or geographic name entry element Telecommunication engineering.
942 ## - ADDED ENTRY ELEMENTS (KOHA)
Source of classification or shelving scheme
Koha item type Book
Call number prefix 621.382,COU
Holdings
Withdrawn status Lost status Source of classification or shelving scheme Damaged status Not for loan Permanent Location Current Location Shelving location Date acquired Full call number Barcode Date last seen Price effective from Koha item type Public note
          Military College of Signals (MCS) Military College of Signals (MCS) General Stacks 12/12/2016 621.382,COU MCS22681 12/08/2016 12/12/2016 Book Almirha No 83, Shelf No 2
© 2023 Central Library, National University of Sciences and Technology. All Rights Reserved.